| 000 -Etiqueta do registo | |
|---|---|
| campo de controlo de comprimento fixo | 01014nam a2200325 4500 |
| 001 - Identificador do registo | |
| Campo de controlo | 69812 |
| 010 ## - ISBN | |
| Número (ISBN) | 9789898145932 |
| 021 ## - Nº depósito legal | |
| Código do país | Portugal |
| Número | 451875/19 |
| 100 ## - Dados Gerais de Proc. | |
| Dados gerais de processamento | 20190527d2022 a||y0pory50030103ba |
| 101 0# - Língua da publicação | |
| Língua do texto, banda sonora, etc. | Português |
| 102 ## - País de Publicação | |
| País de publicação | Portugal |
| 105 ## - Dados Codif. Livros | |
| Dados codificados dos livros | a z 000fy |
| 106 ## - Atributos Físicos | |
| Dados codificados do material textual | r |
| 200 1# - Título | |
| Título próprio | Aqui é um bom lugar |
| Primeira menção de responsabilidade | Ana Pessoa |
| Outras menções de responsabilidade | il. Joana Estrela |
| 210 #9 - Publicação, Distribuição | |
| Lugar da edição, distribuição, etc. | Carcavelos |
| Nome do editor, distribuidor, etc. | Planeta Tangerina |
| Data da publicação, distribuição, etc. | 2022 |
| 215 ## - Descrição física | |
| Descrição física | [222] |
| Outras indicações físicas | il. |
| 225 2# - Colecção | |
| Título próprio da colecção | Dois passos e um salto |
| 675 ## - CDU | |
| Notação | 087.5 |
| Edição | BN |
| Língua da edição | Português |
| 675 ## - CDU | |
| Notação | 821.134.3-93"20" |
| Edição | BN |
| Língua da edição | Português |
| 675 ## - CDU | |
| Notação | 821.134.3-34"20" |
| Edição | BN |
| Língua da edição | Português |
| 700 ## - Responsabilidade principal | |
| Palavra de ordem | Pessoa |
| Outra parte do nome | Ana |
| Datas | 1982- |
| Koha Internal Code | 36297 |
| 702 #1 - Responsabilidade secundária | |
| Palavra de ordem | Estrela |
| Outra parte do nome | Joana |
| Datas | 1990- |
| Código de função | Ilustrador |
| Koha Internal Code | 48712 |
| 801 #0 - Fonte de origem | |
| País | Portugal |
| Agência | BN |
| Regras de catalogação | RPC |
| 090 ## - Números de controlo do sistema (Koha) | |
| Número biblioitem do Koha (gerado automaticamente) | 69812 |
| 942 ## - Elementos de entrada adicionados (Koha) | |
| Tipo de item no Koha | Monografias |
| Suprimido | Disponível no OPAC |
| Removido (estado) | Perdido (estado) | Data de aquisição | Origem do registo (biblioteca) (codificado) | Código da organização que empresta ou é detentora (biblioteca) | Localização da prateleira | Código de barras | Local | Número de inventário | Cota | Data de empréstimo ou depósito | Tipo de circulação (não pode ser emprestado) | Preço | Tipo de item e material |
|---|---|---|---|---|---|---|---|---|---|---|---|---|---|
| Disponível | Disponível | 2024-05-29 | Biblioteca Municipal Álvaro de Campos | Biblioteca Municipal Álvaro de Campos | Plano Nacional de Leitura – 3.º Ciclo | BMTAV71099 | Sala de Adultos | 71099 | R6 PES | 2026-02-26 | Normal | 18.00 | Monografias |